Fancy nancy fancy day in room 1-a / (Record no. 4861)

MARC details
000 -LEADER
fixed length control field 01107nam a22003017a 4500
001 - CONTROL NUMBER
control field 4861
003 - CONTROL NUMBER IDENTIFIER
control field FISKH
005 - DATE AND TIME OF LATEST TRANSACTION
control field 20241021092223.0
008 - FIXED-LENGTH DATA ELEMENTS--GENERAL INFORMATION
fixed length control field 241021b cb ||||| |||| 00| 0 eng d
020 ## - INTERNATIONAL STANDARD BOOK NUMBER
International Standard Book Number 9780062083043
040 ## - CATALOGING SOURCE
Original cataloging agency FISKH
Language of cataloging eng
Transcribing agency FISKH
Modifying agency FISKH
050 ## - LIBRARY OF CONGRESS CALL NUMBER
Classification number PZ7.O222
082 ## - DEWEY DECIMAL CLASSIFICATION NUMBER
Classification number 813.6
100 ## - MAIN ENTRY--PERSONAL NAME
Personal name O'Connor, Jane
Dates associated with a name (1947–)
245 ## - TITLE STATEMENT
Title Fancy nancy fancy day in room 1-a /
Statement of responsibility, etc. by Jane O'Connor cover illustration by Robin Preiss Glasser interior illustrations by Ted Enik
250 ## - EDITION STATEMENT
Edition statement 2012
260 ## - PUBLICATION, DISTRIBUTION, ETC.
Place of publication, distribution, etc. New York :
Name of publisher, distributor, etc. Harper,
Date of publication, distribution, etc. 2012.
300 ## - PHYSICAL DESCRIPTION
Extent 32 pages :
Other physical details Color illustrations ;
Dimensions 23 cm
505 ## - FORMATTED CONTENTS NOTE
Formatted contents note L<br/>
520 ## - SUMMARY, ETC.
Summary, etc. To cheer up her classmates after a gloomy week, Nancy thinks of a new celebration, Fancy Day, but when the day arrives Ms. Glass shows up without her fancy dress, and the class must think of a way to make her as elegant as everyone else.
521 8# - TARGET AUDIENCE NOTE
Target audience note 510L<br/>
Source Lexile<br/>
521 8# - TARGET AUDIENCE NOTE
Target audience note L<br/>
Source Raz-Plus<br/>
650 ## - SUBJECT ADDED ENTRY--TOPICAL TERM
Source of heading or term Fancy Nancy
Topical term or geographic name entry element Parties
650 ## - SUBJECT ADDED ENTRY--TOPICAL TERM
Source of heading or term Fiction
Topical term or geographic name entry element School
700 ## - ADDED ENTRY--PERSONAL NAME
Personal name Glasser, Preiss Robin
Dates associated with a name Illustrator
942 ## - ADDED ENTRY ELEMENTS (KOHA)
Source of classification or shelving scheme Dewey Decimal Classification
Koha item type Books
Suppress in OPAC No
Holdings
Withdrawn status Lost status Source of classification or shelving scheme Damaged status Not for loan Collection Home library Current library Shelving location Date acquired Total Checkouts Full call number Barcode Date due Date last seen Date last checked out Copy number Price effective from Koha item type
    Dewey Decimal Classification     Fiction Footprints International School Library Network Toul Kork Campus Footprints International School Library Network Toul Kork Campus TK Primary Library Room(4th Floor), Bookcase 3&4, Shelves 17-32, Yellow Books 10/21/2024 1 CON 813.6 PZ7.O222 2024-2172 04/08/2026 03/25/2026 03/25/2026 1 10/21/2024 Books